000 00910nam a2200205 i 4500
001 180628
003 ES-MaACL
005 20230906221140.0
008 120619s1976 sp | |||| ||spa d
080 _a539.12(043.2)
100 1 _aGarcía Roger, Joaquín.
_9150643
245 1 0 _aDeterminación de la estructura del 12C y efectos de la corrección del movimiento del centro de masas
_b: resumen de tesis presentada para aspirar al grado de Doctor en Física /
_cpor Joaquín García Roger.
260 _aBarcelona :
_bUniversidad de Barcelona, Secretariado de Publicaciones, Intercambio Científico y Extensión Universitaria,
_c1976.
300 _a19 p. :
_bil. ;
_c24 cm.
502 _aResumen de tesis­Universidad de Barcelona.
504 _aBibliografía: p. 16.
650 0 4 _aPartículas (Física nuclear)
_915856
710 2 _aUniversidad de Barcelona.
_97141
852 _aES-MaACL
_jE-15362(167)
999 _c180628
_d180628